| 000 | 00494 a2200181 4500 | ||
|---|---|---|---|
| 001 | 130071 | ||
| 022 | _a1679-656X | ||
| 040 | _cLeonardo Da Vinci | ||
| 041 | _aPortuguês | ||
| 082 |
_aPDA 2010 _b2010 |
||
| 245 | _aPsicopedagogia 16 | ||
| 260 |
_bSalesianas _c1997 _aSão Paulo |
||
| 300 | _a44 | ||
| 362 | _a20100329 | ||
| 490 |
_aPsicopedagogia _v16 |
||
| 697 |
_aCompartilhando _aLeitor _aArtigos _aResenhas _aTese _aEntrevista _aMesa redonda _aDestaque _aPublicações _aGhemat |
||
| 942 | _cCR | ||
| 999 |
_c130071 _d130071 |
||